000 00275nam a22001217a 4500
040 _cSK
082 _a610
100 _aនុត សាឡន
245 _aStatistics; ស្ថិតិវិទ្យា
260 _aRUA
_bនុត
_c2008
300 _a54p.
942 _cKB
999 _c10001
_d10001